The Bad Touch - Bloodhound Gang - All Lyrics - Statistics

General Stats
  • This quiz has been taken 85 times
    74 since last reset
  • The average score is 335 of 425
Answer Stats
Answer % Correct
a
97%
baby,
97%
but
97%
I
97%
an
94%
and
94%
And
94%
Channel
94%
Discovery
94%
do
94%
Do
94%
let
94%
let's
94%
Me
94%
me
94%
me,
94%
nothing
94%
So
94%
So,
94%
so
94%
the
94%
we
94%
you
94%
You
94%
you've
94%
Ha-Ha!
92%
it
92%
like
92%
Like
92%
on
92%
on,
92%
they
92%
now,
89%
now
89%
mammals
86%
ain't
83%
your
83%
my
81%
of
81%
that
81%
to
81%
act
78%
are
78%
be
78%
down
78%
in
78%
Well
78%
we'll
78%
about
75%
bet
75%
I'm
75%
know
75%
nuts
75%
only
75%
touch,
75%
you're
75%
call
72%
feel
72%
I'll
72%
is
72%
kind
72%
pants
72%
sing
72%
Sweat
72%
sweat
72%
then
72%
two-hand
72%
you'll
72%
Gettin'
69%
hands
69%
mating
69%
put
69%
sex
69%
stuff
69%
this
69%
want
69%
would
69%
Love,
67%
Prince
67%
Time
67%
Time",
67%
up
67%
where
67%
again
64%
can
64%
covered,
64%
hash
64%
horny
64%
Texas
64%
thumbs
64%
two
64%
Yes,
64%
yes,
64%
both
61%
browns
61%
doggy
61%
getting
61%
House
61%
just
61%
mop
61%
ocean
61%
smothered,
61%
South
61%
style
61%
there
61%
Waffle
61%
watch
61%
X-Files
61%
You've
61%
bucket
58%
Daylight
58%
differences
58%
enough
58%
had
58%
mine,
58%
motion
58%
rough,
58%
yours,
58%
animals
56%
clean
56%
early,
56%
FedEx,
56%
God
56%
out
56%
rise
56%
with
56%
battleship
53%
between
53%
bounds
53%
got
53%
hour
53%
human
53%
lost
53%
make
53%
Mister
53%
Savings
53%
should
53%
show
53%
wanna
53%
Egypt,
50%
knows
50%
Seas
50%
sunk
50%
than
50%
turn
50%
apex,
47%
automatic
47%
Coffee
47%
Comin'
47%
(I'd
47%
important
47%
Pacific:
47%
reach
47%
several
47%
stuck
47%
very
47%
appreciate
44%
beings
44%
catacombs
44%
drip
44%
drought
44%
Hieroglyphics,
44%
input)
44%
quicker
44%
if
42%
notion
42%
other
42%
Advisory
39%
inclined
39%
never
39%
Ebert
36%
Please
36%
capsize
33%
Craft
33%
Small
33%
Coca-Cola
31%
high
31%
Siskel,
31%
thighs
31%
tide,
31%
Lyle
28%
stock,
28%
B5,
25%
"Tool
25%
Lovett
22%
means
19%
No matching quizzes found
Score Distribution
Percent of People with Each Score
Percentile by Number Answered
Your Score History
You have not taken this quiz since the last reset